Enhancing Critical Thinking Skills for Army Leaders Using Blended-Learning Methods (Record no. 352010)
[ view plain ]
| 000 -LEADER | |
|---|---|
| fixed length control field | 00785nam a2200133Ia 4500 |
| 008 - FIXED-LENGTH DATA ELEMENTS--GENERAL INFORMATION | |
| fixed length control field | 171212s9999 xx 000 0 und d |
| 020 ## - INTERNATIONAL STANDARD BOOK NUMBER | |
| International Standard Book Number | 9780833079091 |
| 100 ## - MAIN ENTRY--PERSONAL NAME | |
| Personal name | Straus, Susan G.;Shanley, Michael G.;Lytell, Maria C.;Crowley, James C.;Bana, Sarah H. |
| 245 ## - TITLE STATEMENT | |
| Statement of responsibility, etc | Straus, Susan G.;Shanley, Michael G.;Lytell, Maria C.;Crowley, James C.;Bana, Sarah H. |
| Title | Enhancing Critical Thinking Skills for Army Leaders Using Blended-Learning Methods |
| 260 ## - PUBLICATION, DISTRIBUTION, ETC. (IMPRINT) | |
| Name of publisher, distributor, etc | RAND Corporation |
| Date of publication, distribution, etc | 2013 |
| 650 ## - SUBJECT ADDED ENTRY--TOPICAL TERM | |
| Topical term or geographic name as entry element | Business |
| 650 ## - SUBJECT ADDED ENTRY--TOPICAL TERM | |
| Topical term or geographic name as entry element | Military education -- Technological innovations -- United States; United States. Army -- Officers -- Training of; Blended learning -- United States; Distance education -- United States -- Computer-assisted instruction |
| 856 ## - ELECTRONIC LOCATION AND ACCESS | |
| Uniform Resource Identifier | <a href="www.jstor.org/stable/10.7249/j.ctt4cgdsr">www.jstor.org/stable/10.7249/j.ctt4cgdsr</a> |
| Withdrawn status | Lost status | Damaged status | Home library | Current library | Date acquired | Total Checkouts | Full call number | Date last seen | Price effective from | Koha item type |
|---|---|---|---|---|---|---|---|---|---|---|
| College Library | College Library | 12/12/2017 | U408.3.S84 2013 | 12/12/2017 | 12/12/2017 | Curriculum - Based eBooks |